000
00202nam a2200085Ia 4500
008
220204s9999 xx 000 0 und d
082
_a
919.3
_b
FAR
245
0
_a
Far east and Australia. 1983-84
942
_c
BK
999
_c
39040
_d
39040